000 01105nam a2200313 i 4500
001 000020411
003 DO-SdBNP
005 20250211084932.0
007 ta
008 100813s2015 dr a 000 p spa d
020 _a9789945583922
040 _aDO-SdBNP
_bspa
_cBNPHU
_erda
041 _aspa
082 4 _aRD861.44
_bP426p
_222
100 1 _aPeralta Agüero, Abil,
_d1955-
_eautor
_4aut.
_943075
245 1 0 _aPara matar la muerte :
_bobra poética 1978-2002 /
_cAbil Peralta Agüero.
264 1 _aSanto Domingo, República Dominicana :
_bEditora Santuario,
_c2015.
300 _a294 páginas :
_bilustraciones ;
_c23 cm.
336 _atexto
_btxt
_2rdacontent
337 _asin mediación
_bn
_2rdamedia
338 _avolumen
_bnc
_2rdacarrier
500 _aIncluye referencias bibliográficas y notas al pie de las páginas
590 _aInventariado, 2018 / DG
600 1 4 _aPeralta Agüero, Abil,
_d1955-
_xCrítica e interpretación
_943076
650 4 _aPoesía dominicana
_943077
650 4 _aLiteratura dominicana
_943078
910 _aValidado. Control de calidad MFF
942 _2ddc
_cLBS1
999 _c19915
_d19915